|
|
|
|
| LEADER |
01215nam a2200325 a 4500 |
| 001 |
33836 |
| 003 |
BD-DhAAL |
| 005 |
20211122165302.0 |
| 008 |
180930q19801989nyu 000 0 eng d |
| 999 |
|
|
|c 40069
|d 40069
|
| 010 |
|
|
|a 88039280
|
| 020 |
|
|
|a 0452009308 :
|c $9.95 ($13.95 Can.)
|
| 020 |
|
|
|a 9780452009301
|
| 040 |
|
|
|a DLC
|c DLC
|d DLC
|d BD-DhAAL
|
| 050 |
0 |
0 |
|a B819
|b .E87 1980z
|
| 082 |
0 |
0 |
|a 142.78
|2 19
|
| 245 |
0 |
0 |
|a Existentialism :
|b from Dostoevsky to Sartre /
|c edited, with an introduction, prefaces, and new translations by Walter Kaufmann.
|
| 250 |
|
|
|a Revised and expanded.
|
| 260 |
|
|
|a New York :
|b New American Library,
|c c1989
|
| 300 |
|
|
|a 384 pages ;
|c 21 cm.
|
| 500 |
|
|
|a "A Meridan book."
|
| 526 |
|
|
|a ENH
|
| 541 |
|
|
|a Trim Education
|e 33836
|
| 650 |
|
0 |
|a Existentialism.
|9 28347
|
| 650 |
|
0 |
|a Existentialism in literature.
|9 28348
|
| 650 |
|
0 |
|a English literature
|9 42992
|
| 700 |
1 |
|
|a Kaufmann, Walter Arnold.
|9 28349
|
| 852 |
|
|
|a Ayesha Abed Library
|c General Stacks
|
| 942 |
|
|
|2 ddc
|c BK
|
| 952 |
|
|
|0 0
|1 0
|2 ddc
|4 0
|6 142_780000000000000_EXI
|7 0
|9 64425
|a BRACUL
|b BRACUL
|c GEN
|d 2018-09-24
|e Trim Education
|g 1710.00
|l 8
|m 79
|o 142.78 EXI
|p 3010033836
|r 2025-11-18
|s 2025-07-02
|t 1
|v 1710.00
|w 2018-09-24
|y BK
|